[Event "IECC M email"]
[Site "IECC email"]
[Date "2000.03.13"]
[Round "?"]
[White "Wylie, Richard"]
[Black "Brown, Jimmy"]
[Result "1-0"]
[WhiteElo "1193"]
[BlackElo "1165"]
[PlyCount "51"]
[EventDate "2000.??.??"]
[EventType "tourn (corr)"]
[EventRounds "2"]
[SourceTitle "Corr 2008"]
[Source "ChessBase"]
[SourceDate "2008.06.24"]
[SourceVersion "1"]
[SourceVersionDate "2008.06.24"]
[SourceQuality "1"]

1. Nf3 Nf6 2. d4 g6 3. c4 Bg7 4. Nc3 0-0 5. e4 d6 6. Be2 c6 7. 0-0 Bd7 8. Qb3 a6 9. Qxb7 c5 10. Qxa8 Qb6 11. dxc5 dxc5 12. Nd5 Nxd5 13. cxd5 e6 14. Nd2 Bc8 15. Nc4 Qb5 16. a4 Qb7 17. Qxb7 Bxb7 18. Nd6 exd5 19. Nxb7 dxe4 20. Re1 Bd4 21. Nd6 Nc6 22. Nxe4 a5 23. Nd6 Kg7 24. Bb5 Ne5 25. Ne8+ Rxe8 26. Bxe8 1-0